000 00540nam a2200205Ia 4500
003 OSt
005 20250304113814.0
008 210210b1973 xxu||||| |||| 00| 0 eng d
040 _cAL
041 _ahin
082 _aH891.3 TRIR
100 _aTRIPATHI (Rampratap):
_9203680
110 _bत्रिपाठी रामप्रताप
_9203681
245 _aRadhiya:
_bरधिया
260 _aIlahabad
_bKrashna Prakashan
_c1973
300 _a48
690 _aHindi Fiction
_9203682
906 _a030792
942 _2ddc
_cBK
999 _c81888
_d81888